| 000 | 00385cam a2200157ua 4500 | ||
|---|---|---|---|
| 041 |
_aeng _h |
||
| 082 |
_a625.7 _bDAV/RO |
||
| 100 | _aDavies, Earnest . | ||
| 245 |
_aRoads and their traffic / _cEarnest Davies. _hTextual Documents |
||
| 250 |
_a1 / _b. |
||
| 260 |
_aLondon : _bBlackie & Son Ltd , _c1960. |
||
| 300 | _a352 ; . | ||
| 504 | _a | ||
| 942 | _cBK | ||
| 999 |
_c8708 _d8708 |
||